00718nam a22002057a 450000500170000001000150001702000270003203500140005903700090007308200110008224501750009326000610026827000480032930000240037750000190040165000210042065000160044170000280045770000270048520260507151609.0 aENG-148395 c2640.00a9788196364762 aEN-131927 bDBAD a305.44 aThe Written Legacy of Dr. B.R. Ambedkar :cedited by Siva Prasad Senapathi [and] Santosh Mohan Jangamba bibliographic journey navigating through the languages of india  aKolKatabCentral Reference Library, Govt. of Indiac2025 aBelvedere Estate, Alipore,bKolKatae700027 aiv,1221p.c28cm(Hb) aIncludes index aPublic libraries aDirectories aSenapathi ,Siva Prasad  aJangam, Santosh Mohan